| 000 | 00731nam a2200229 i 4500 | ||
|---|---|---|---|
| 001 | 26992 | ||
| 003 | ES-MaACL | ||
| 007 | t| | ||
| 008 | 030113s1952 sp ||||1| spa d | ||
| 100 | 1 |
_aAtholl, Justin. _923731 |
|
| 245 | 1 | 0 |
_aCómo se entera Stalin / _cJustin Atholl ; [prólogo, traducción y notas de Ramire S. Galmieu]. |
| 250 | _a1ª ed. | ||
| 260 |
_aBarcelona : _bDestino, _c[1952] ( _fAgustín Núñez) |
||
| 300 |
_aVIII, 239 p. ; _c19 cm. |
||
| 490 | 1 |
_aAncora y delfín ; _v71 |
|
| 600 | 1 | 4 |
_aStalin, Iosif Vissarionovich, _d1879-1953 _9107862 |
| 700 | 1 |
_aGalmieu, Ramire S. _953662 |
|
| 830 | 0 | 0 |
_aÁncora y Delfín _v71 _9151298 |
| 852 |
_aES-MaACL _jC-6118 _bR.33003 |
||
| 942 | _2udc | ||
| 999 |
_c26992 _d26992 |
||